Sociologie de l'entreprise (notice n° 2198766)
[ vue normale ]
| 000 -LEADER | |
|---|---|
| fixed length control field | 00835cam a2200133 4500500 |
| 005 - DATE AND TIME OF LATEST TRANSACTION | |
| control field | 20260405085604.0 |
| 041 ## - LANGUAGE CODE | |
| Language code of text/sound track or separate title | fre |
| 042 ## - AUTHENTICATION CODE | |
| Authentication code | dc |
| 100 10 - MAIN ENTRY--PERSONAL NAME | |
| Personal name | Segrestin, Denis |
| Relator term | author |
| 245 00 - TITLE STATEMENT | |
| Title | Sociologie de l'entreprise |
| 260 ## - PUBLICATION, DISTRIBUTION, ETC. | |
| Name of publisher, distributor, etc. | Armand Colin,<br/> |
| Date of publication, distribution, etc. | 2014.<br/> |
| 520 ## - SUMMARY, ETC. | |
| Summary, etc. | Ce livre fait retour sur l’histoire, sur le contexte particulier de la France, sur le sort réservé à ce jour à l’entreprise par la sociologie.L’usine et la société industrielle. L’entrée en scène de la classe ouvrière. Les métamorphoses du patronat. Le siècle des organisateurs. Les sociologues face à Taylor. L’entreprise en action. La forme française de l’entreprise. Les tendances : l’entreprise institution. |
| 856 41 - ELECTRONIC LOCATION AND ACCESS | |
| Uniform Resource Identifier | <a href="https://shs.cairn.info/sociologie-de-l-entreprise--9782200014353?lang=fr&redirect-ssocas=7080">https://shs.cairn.info/sociologie-de-l-entreprise--9782200014353?lang=fr&redirect-ssocas=7080</a> |
Pas d'exemplaire disponible.




Réseaux sociaux